| 000 | 00864nam2a2200241 4500 | ||
|---|---|---|---|
| 001 | rc\2972431 | ||
| 005 | 20260315071602.0 | ||
| 035 | _a(NLR Aleph) 007215131 | ||
| 090 |
_a13631676 _c13631676 |
||
| 100 | _a20110908d1937 u y0rusy50 ca | ||
| 101 | 0 | _arus | |
| 102 | _aRU | ||
| 105 | _aa z ||||| | ||
| 200 | 1 | _aСтрочка носков на машине | |
| 210 | _d1937 | ||
| 215 |
_a50-58, [1] с. _cил. |
||
| 461 | 0 |
_1001rc\2972424 _12001#$aОбмен опытом$e[1]-$v7 _97680473 _a"Кожевенно-обувная промышленность СССР", журнал (Москва) _c[Москва] _d1937 _nБ. и. _o[1]- _tОбмен опытом _v7 |
|
| 700 | 1 |
_aЗадорова _bЕ.Г. _gЕлизавета Георгиевна |
|
| 801 | 0 |
_aRU _bNLR _gpsbo |
|
| 801 | 1 |
_aRU _bELAR _2rusmarc |
|
| 852 |
_aNLR _j37-15/31 |
||
| 942 | _cUNSPEC | ||
| 980 | _aNB | ||